01420nam a22002417a 4500003000900000005001700009008003100026020001800057040002500075082002400100110005900124245029700183260006000480300003700540500033300577504002900910650003300939650004900972650002601021700004801047700003201095700005101127DO-SdBNP20250611073818.0210218b 2020 dr ac 00| 0 eng d a9789945621075 aDO-SdBNPbspacBNPHU 4a 616.241bR426L2221 aRepública Dominicana.bMinisterio de Salud Pública10aLineamientos generales para la normalización de la provisión de servicios de salud ante la pandemia de COVID-19 /ccoordinación general Dr. Adrián Puello Guerrero ; edición, revisión de texto y corrección de estilo, Olga Agustín ; presentación, Rafael Sánchez Cárdenas. aSanto Domingo : bMinisterio de Salud Pública,c2020. a45 p. :bil., retrs. ; c28 cm.  aEstos lineamientos fueron producidos bajo el Acuerdo de Cooperación de Agencia de los Estados Unidos para el Desarrollo Internacional (USAID) No. 72051718RFA00003. Los contenidos no son responsabilidad de FHI 360 y no reflejan necesariamente los puntos de vista de USAID o del Gobierno de los Estados Unidos de América.  aBibliografía: p. 41-45 0a Infecciones por coronavirus 0aPolítica sanitariazRepública Dominicana 0aCOVID-19 (Enfermedad)1 aPuello Guerrero, Adrián,ecoordinación 1 aAgustín, Olga,eedición1 aSánchez Cárdenas, Rafael,e presentación